Geografía dinámica (Registro nro. 3105)

Detalles MARC
000 -LEADER
fixed length control field 02048 a2200217 4500
001 - CONTROL NUMBER
control field 39772
005 - DATE AND TIME OF LATEST TRANSACTION
control field 20260407155654.0
008 - FIXED-LENGTH DATA ELEMENTS--GENERAL INFORMATION
fixed length control field 260407a1962 arg spa d
003 - CONTROL NUMBER IDENTIFIER
control field AR-UNSa-BCEJYS
040 ## - CATALOGING SOURCE
Original cataloging agency AR-UNSa-BCEJYS
Language of cataloging spa
Transcribing agency AR-UNSa-BCEJYS
080 ## - UNIVERSAL DECIMAL CLASSIFICATION NUMBER
Universal Decimal Classification number 913(4)
Common auxiliary subdivision Geografía de Europa
100 1# - MAIN ENTRY--PERSONAL NAME
Personal name Perpillou, Aime Vincent
245 10 - TITLE STATEMENT
Title Geografía dinámica
Name of part/section of a work General, Asia y Africa
264 #1 - PRODUCTION, PUBLICATION, DISTRIBUTION, MANUFACTURE, AND COPYRIGHT NOTICE
Place of production, publication, distribution, manufacture Buenos Aires :
Name of producer, publisher, distributor, manufacturer Kapelusz
Date of production, publication, distribution, manufacture, or copyright notice 1962
300 ## - PHYSICAL DESCRIPTION
Extent 328 p.
Dimensions 24 cm.
505 ## - FORMATTED CONTENTS NOTE
Formatted contents note Geografía física : 1. La Tierra en el Universo - 2. La orientación - 3. El dia, la noche, la hora - 4. Las estaciones - 5. Las cartas geográficas - 6. Las rocas - 7. La construcción del relieve - 8. Volcanes y temblores de tierra - 9. La destrucción del relieve - 10. Los cursos de agua - 11. Glaciares y lagos - 12. Mares y océanos - 13. Las costas - 14. El clima: temperatura y vientos - 15. Lluvias y clima - La vida en la superficie del globo : 16. Vegetales y animales - 17. Los grandes zonas de vida - 18. Los hombres en los paises cálidos - 19. Ls hombres en los países secos - 20. Los hombres en los países fríos - 21. Los hombres en las regiones templadas - 22. Casas y pueblos de las regiones templadas - 23. Las ciudades - 24. La producción de materias primas - 25. Artesanías e industria - 26. La circulación - Las grandes etapas en el descubrimiento de la Tierra: 27. El hombre en el Universo - 28. El descubrimiento de la Tierra en la Antigüedad y en la edad media - 29. El descubrimeinto de la Tierra entre los siglos XVI y XIX - 30. Las expediciones modernas - Asia: 31. Relieve - 32. Clima y vegetación - 33. Población - 34. Asia occidental - 35. India, Celián y Paquistán - 36. El mundo chino - 38. Japón y Corea - 39. Insulindia - 40. Indochina - Africa: 41. Relieve y Clima - 42. Población - 43. África occidental y central - 44. África austral - 45. África oriental - 46. Egipto, Libia y Sudán
590 ## - LOCAL NOTE (RLIN)
Local note niveau_biblio:m niveau_hierar:0
700 1# - ADDED ENTRY--PERSONAL NAME
Personal name Pernet, Lucien
700 1# - ADDED ENTRY--PERSONAL NAME
Personal name Rampa, Alfredo César
942 ## - ADDED ENTRY ELEMENTS (KOHA)
Koha item type
Existencias
Withdrawn status Lost status Damaged status Not for loan Home library Current library Shelving location Date acquired Total checkouts Full call number Barcode Date last seen Price effective from Koha item type
        Biblioteca Prof. Eusebio Cleto del Rey Biblioteca Prof. Eusebio Cleto del Rey   07/04/2026   913(4) P426 L20902 07/04/2026 07/04/2026 Libro